000 01676nam a2200433 i 4500
001 ELB41272
003 FlNmELB
006 m o d |
007 cr cnu||||||||
008 170424s2016 pe ob 001 0 spa d
020 _z9786123180690
020 _a9786123180751 (e-book)
035 _a(MiAaPQ)EBC4775867
035 _a(Au-PeEL)EBL4775867
035 _a(CaPaEBR)ebr11322520
035 _a(OCoLC)991896786
040 _aFINmELB
_bspa
_erda
_cFINmELB
050 4 _aHM742
_bL213 2016
080 _a004.7
082 0 _a302.231
_223
100 1 _aLama Odría, Mariana de.
245 1 0 _aFanfiction :
_buna red social en el espacio de la ficción /
_cMariana de Lama Odría.
264 1 _aLima :
_bUniversidad Peruana de Ciencias Aplicadas (UPC),
_c[2016]
300 _a1 recurso en línea (218 páginas)
336 _atexto
_btxt
_2rdacontent/spa
337 _acomputadora
_bc
_2rdamedia/spa
338 _arecurso en línea
_bcr
_2rdacarrier/spa
500 _aContiene índice.
504 _aContiene bibliografía.
588 _aDescripción basada en recurso en línea; Título de la página del título en PDF (e-libro, visto April 24, 2017).
590 _aRecurso electronico. Santa Fe, Arg. : e-libro, 2016. Disponible via World Wide Web. El acceso puede ser limitado para las bibliotecas afiliadas a e-libro.
650 0 _aOnline social networks
_xResearch.
650 4 _aRedes sociales en línea
_xInvestigación.
650 0 _aPopular culture
_xSocial aspects.
650 4 _aCultura popular
_xAspectos sociales.
655 4 _aLibros electrónicos.
797 2 _ae-libro, Corp.
856 4 0 _uhttps://elibro.net/ereader/usam/41272
999 _c142944
_d142944